000
00236nam a2200097Ia 4500
008
190216s9999||||xx |||||||||||||| ||und||
100
_a
Bhagavathy Charan Varma
245
0
_a
Apne Kilone
260
_b
Mac Millian And Com. Ltd
942
_c
BK
999
_c
15226
_d
15226